000 00725nam a22002057a 4500
999 _c26243
_d26243
005 20190305153923.0
010 _aB-285035 B-218067
020 _a0670081434
_c495.00
020 _a9780670081431
_c495.00
035 _aB-285035 , B-218067,B-218049,B-218063
037 _bUBH (Vender)
082 _aN
100 _aDavidar, David
245 _aThe solitude of Emperors /
_cby David Davidar
260 _aNew Delhi
_bPenguin Books
_c2007
270 _a11 Community Centre, Panchsheel Park
_bNew Delhi
_e110017
300 _a246p.
_c23cm. (Hb)
942 _2ddc
_cEN
_hN
_mDAV